|
|
|
|
| LEADER |
00000nam a2200000 a 4500 |
| 005 |
20110912120459.0 |
| 008 |
110301s2010 sp 001 0 spa c |
| 020 |
|
|
|a 8499820662
|
| 035 |
|
|
|a 5756
|
| 040 |
|
|
|a vLex
|
| 090 |
|
|
|c 2428
|d 2428
|
| 245 |
0 |
0 |
|a Propiedades especiales
|h [Recurso electrn̤ico] /
|c Dra. Carmen Přez de Ontiveros Baquero, coord.
|
| 256 |
|
|
|a Servicio en ln̕ea.
|
| 260 |
|
|
|a Madrid :
|b Dykinson,
|c cop. 2010
|
| 300 |
|
|
|a 177 p. ;
|c 22 cm.
|
| 504 |
|
|
|a Bibliografa̕
|
| 506 |
1 |
|
|a Contenido solo disponible en los productos indicados
|d vLex Global
|d vLex Global (Academic Edition, excluding Law Schools)
|d vLex Global (U.S. Academic Edition, Law Schools)
|d vLex Global (U.S. Academic Edition, excluding Law Schools)
|d vLex Global (Academic Edition, Law Schools)
|
| 650 |
|
4 |
|a Propiedad
|z Espaą
|
| 700 |
1 |
|
|a Přez de Ontiveros Baquero, Carmen
|e coord.
|
| 740 |
0 |
|
|a vLex Libros (Servicio en ln̕ea)
|
| 830 |
|
0 |
|a Cuadernos prc̀ticos Bolonia.
|p Derechos reales;
|v 4
|
| 856 |
4 |
0 |
|u http://vlex.com/source/cuadernos-practicos-bolonia-derechos-reales-propiedades-especiales-5756
|z Acceso restringido
|
| 942 |
|
|
|c BOOK
|